|
|
|
|
| LEADER |
00953nam a22002411 4500 |
| 001 |
4827 |
| 005 |
20130731092351.0 |
| 008 |
130731r19901966nyua b 001 0 eng d |
| 010 |
|
|
|a 66021399
|
| 040 |
|
|
|a DLC
|c DLC
|d DLC
|d BD-DhAAL
|
| 050 |
0 |
0 |
|a HD69.P7
|b L4
|
| 082 |
0 |
0 |
|a 658.018
|
| 100 |
1 |
|
|a Levin, Richard I.
|9 2461
|
| 245 |
1 |
0 |
|a Planning and control with PERT/CPM /
|c [by] Richard I. Levin [and] Charles A. Kirkpatrick.
|
| 260 |
|
|
|a New York ;
|a New Delhi :
|b McGraw-Hill ;
|b Tata McGraw-Hill,
|c c1966 [reprinted 1990]
|
| 300 |
|
|
|a x, 179 p. :
|b illus. ;
|c 21 cm.
|
| 504 |
|
|
|a Includes bibliography (p. 158-166) and index.
|
| 650 |
|
0 |
|a Network analysis (Planning)
|9 2462
|
| 700 |
1 |
|
|a Kirkpatrick, Charles Atkinson,
|e joint author.
|9 2463
|
| 541 |
|
|
|e 4827
|
| 942 |
|
|
|2 ddc
|c BK
|
| 999 |
|
|
|c 13787
|d 13787
|
| 952 |
|
|
|0 0
|1 0
|2 ddc
|4 0
|6 658_018000000000000_LEV
|7 0
|9 23060
|a BRACUL
|b BRACUL
|c GEN
|d 2013-07-31
|g 62.00
|l 0
|o 658.018 LEV
|p 3010004827
|r 2013-07-31
|t 1
|w 2013-07-31
|y BK
|